Piosenkarze/Zespoły na D - Statystyki

Ogólne statystyki
  • Ten quiz został rozwiązany 18 razy
  • Średni wynik to 7 z 17
Statystyki odpowiedzi
Obrazkowy Hint Odpowiedź % Poprawnych
pop, Polska Dawid Podsiadło
93%
pop, Polska Doda
93%
indie, Polska Daria Zawiałow
60%
pop, UK Dua Lipa
60%
pop-rock, Polska De Mono
53%
electro, Francja Daft Punk
47%
dance-rock, UK Depeche Mode
47%
rap, Polska Diho
40%
rap, USA Doja Cat
40%
rock, Polska Dżem
40%
cygańska, Polska Don Vasyl
33%
rock, UK Deep Purple
27%
pop, Polska Dominik Dudek
27%
pop, Włochy Drupi
27%
electro, Szwajcaria DJ Bobo
13%
rap, Nigeria/Szwecja Dr. Alban
13%
metal, USA Deftones
7%
Nie znaleziono quizów pasujących do podanych kryteriów
Rozkład punktacji
Procent ludzi z każdym wynikiem
Percentyl według liczby udzielonych odpowiedzi
Twoja historia wyników
Nie rozwiązałeś tego quizu